000 00583nam a2200169 a 4500
008 120416s2000 ||||||||||||||||| || u
020 _a0201398125
050 _aQA 76.73.J38 Ska
100 _aSkansholm, Jan
245 1 0 _aJAVA: from the beginning
260 _aLondon:
_bAddison-Wesley
_c2000
300 _axiv, 540p. : ill.
350 _a0.00
650 _aCOMPUTING
650 _aJAVA (COMPUTER PROGRAM LANGUAGE)
995 _D0.00
_FCBU-MAIN LIBRARY (Kitwe)
_H1
_I20.50
_M1
_UAVAILABLE
_ZMain Library Open Access Collection
999 _c48447
_d48447